00818cam a22002411 450000100060000000300080000600500170001400800410003103500190007203500190009104000500011004100080016008200180016810000390018624500500022526000300027530000340030550400320033965100290037194200120040099900170041295201470042925090BD-RjUL20211209050829.0140316s1955 enkb b 000 0 eng c a(BD-RjUL)25159 a(OCoLC)3714639 aNorthwestern Univ.cDGWdDGWdOCoLCdDLCbeng aeng a943bHAE 19551 aHawgood, John Arkas,d1905-91094114aThe evolution of Germany.cJohn Arkas Hawgood aLondon :bMenthuen,c1955 axiv, 206 p. :bmaps ;c17 cm. a"Reading list": p. 195-202. 0aGermanyxHistory.977208 2ddccBK c25090d25090 00102ddc40728NFICaRUCLbRUCLcReadingd1957-08-08eStandard Pub. ltd.g6.15l0o943.21 HAE 1955r2014-03-16 00:00:00tC-1w2021-12-09yBK